NTA UGC NET SET JRF Commerce: Paper II/ (Record no. 181818)

MARC details
000 -LEADER
fixed length control field 00604nam a22001817a 4500
005 - DATE AND TIME OF LATEST TRANSACTION
control field 20221018153923.0
020 ## - INTERNATIONAL STANDARD BOOK NUMBER
International Standard Book Number 9789390531073
Terms of availability 750.00
035 ## - SYSTEM CONTROL NUMBER
System control number B-746021
037 ## - SOURCE OF ACQUISITION
Source of stock number/acquisition Pearson
082 ## - DEWEY DECIMAL CLASSIFICATION NUMBER
Classification number 380
100 ## - MAIN ENTRY--PERSONAL NAME
Personal name Madaan, K V S
245 ## - TITLE STATEMENT
Title NTA UGC NET SET JRF Commerce: Paper II/
Statement of responsibility, etc by K V S Madaan
260 ## - PUBLICATION, DISTRIBUTION, ETC. (IMPRINT)
Place of publication, distribution, etc Noida, U.P.
Name of publisher, distributor, etc Pearson
Date of publication, distribution, etc 2021
270 ## - ADDRESS
Address 15th Floor, Tower-B, World Trade Tower, Plot No. 1, Block-C, Sector-16
City Noida, U.P.
Postal code 201301
300 ## - PHYSICAL DESCRIPTION
Extent vp.
Dimensions 25cm(pbk)
942 ## - ADDED ENTRY ELEMENTS (KOHA)
Source of classification or shelving scheme Dewey Decimal Classification
Item type English Books
Call number suffix MAD
Classification part 380
Holdings
Withdrawn status Lost status Not for loan Collection code Home library Current library Date acquired Source of acquisition Cost, normal purchase price Full call number Barcode Copy number Cost, replacement price Koha item type Public note
      Non-fiction Ashok Vihar Ashok Vihar 18/10/2022 6.10.22/Gift 750.00 380 MAD B-746021 1 750.00 English Books Gift

© Delhi Public Library
Hit Counter
free hit counter